000 00675nam a2200229Ia 4500
003 OSt
005 20220926003750.0
006 a|||||r|||| 00| 0
007 ta
008 220923b |||||||| |||| 00| 0 eng d
037 _cGeneral Book
040 _aRTL
_cRTL
_beng
041 _2eng
_aeng
082 _aV2,31p.N53, J3.7(16-30)
110 _aINDIA
_942571
245 0 _aParlimentary debates
_b House of the people official report
260 _a New Delhi
_bParlimentary Secretariat
_c1953
300 _aVarious Pagination
_ccm.
700 _aINDIA
_942572
942 _hV2,31p.N53, J3.7(16-30)
_cGB
_2CC
999 _c608856
_d608856